=LDR 00000nam 2200000 4500 =001 INLIS000000000810404 =005 20251208083948 =035 ##$$a 0010-1225000042 =007 ta =008 251208###########################0###### =082 ##$$a 297.1258 =084 ##$$a 297.1258 AND k =245 ##$$a Syarah Kitabul Jami’ 1 set 2 Jilid /$c Dr. Firanda Andirja =260 ##$:$b Ustadz Firanda Andirja Office =300 ##$$a Jilid1 348 Halaman, Jilid2 484 Halaman ; $c 25 cm x 17,5 cm